| 000 | 01020nam a2200241 a 4500 | ||
|---|---|---|---|
| 001 | 40269 | ||
| 003 | BD-RjUL | ||
| 005 | 20211209053200.0 | ||
| 008 | 160427s1954 ii ||||| |||| 00| f ben d | ||
| 020 | _c: Tk. 6.50 | ||
| 035 | _a(BD-RjUL) 40384 | ||
| 040 |
_aBD-RjUL _bben _cBD-RjUL |
||
| 041 | _aben | ||
| 082 |
_223 _a891.73 _bOSI 1954 |
||
| 100 |
_aঅস্ত্রোভস্কি, নিকোলাই _9124090 |
||
| 245 | 1 | 0 |
_aইস্পাত / _cনিকোলাই অস্ত্রোভস্কি ; অনুবাদক : রবীন্দ্র মজুমদার |
| 260 |
_aকলিকাতা : _bন্যাশনাল বুক এজেন্সি লিমিটেড, _c১৯৫৪ |
||
| 300 |
_a[৪], ৪১০ পৃ. ; _c২১ সেমি. |
||
| 650 |
_aরাশিয়ান উপন্যাস _9122082 |
||
| 650 |
_aRussian Fiction _9122083 |
||
| 700 |
_aমজুমদার, রবীন্দ্র, অনুবাদক _9124091 |
||
| 942 |
_2ddc _cBK |
||
| 999 |
_c40269 _d40269 |
||